AIl in the 1980s and beyond : An MIT survey
Salvato in:
| Autore principale: | |
|---|---|
| Natura: | Libro |
| Lingua: | Undetermined |
| Pubblicazione: |
Cambridge
The MIT Press
1987
|
| Soggetti: | |
| Tags: |
Aggiungi Tag
Nessun Tag, puoi essere il primo ad aggiungerne! !
|
| Thư viện lưu trữ: | Trung tâm Học liệu Trường Đại học Cần Thơ |
|---|
| LEADER | 00539nam a2200193Ia 4500 | ||
|---|---|---|---|
| 001 | CTU_83630 | ||
| 008 | 210402s9999 xx 000 0 und d | ||
| 082 | |a 006.3 | ||
| 082 | |b G861 | ||
| 100 | |a Grimson, W. Eric L. | ||
| 245 | 0 | |a AIl in the 1980s and beyond : | |
| 245 | 3 | |b An MIT survey | |
| 245 | 0 | |c W. Eric L. Grimson, Ramesh S. Patil | |
| 260 | |a Cambridge | ||
| 260 | |b The MIT Press | ||
| 260 | |c 1987 | ||
| 650 | |a Artificial intelligence | ||
| 904 | |i Qhieu(sửa) | ||
| 980 | |a Trung tâm Học liệu Trường Đại học Cần Thơ | ||